Сборник материалов по Англо-Бурской войне в Южной Африке... 1899-1900 гг. (Запись № 5698569)

Подробности
000 -МАРКЕР
контрольное поле 01353nam1a22003131 4500
001 - ИДЕНТИФИКАТОР ЗАПИСИ
контрольное поле v19\rc\1639660
005 - ИДЕНТИФИКАТОР ВЕРСИИ
контрольное поле 20251115135609.2
035 ## - ДРУГИЕ СИСТЕМНЫЕ НОМЕРА
Идентификатор записи (NLR Aleph) 005240437
100 ## - ДАННЫЕ ОБЩЕЙ ОБРАБОТКИ
Данные общей обработки 20061002g19001905|||y0rusy50 ca
101 0# - ЯЗЫК РЕСУРСА
Язык текста, звукозаписи и т.д. русский
102 ## - СТРАНА ПУБЛИКАЦИИ ИЛИ ПРОИЗВОДСТВА
Страна публикации Российская Федерация
105 ## - ПОЛЕ КОДИРОВАННЫХ ДАННЫХ: ТЕКСТОВЫЕ МАТЕРИАЛЫ, МОНОГРАФИЧЕСКИЕ
Кодированные данные о монографическом текстовом документе z |||||
200 1# - ЗАГЛАВИЕ И СВЕДЕНИЯ ОБ ОТВЕТСТВЕННОСТИ
Основное заглавие Сборник материалов по Англо-Бурской войне в Южной Африке... 1899-1900 гг.
Первые сведения об ответственности [Под ред. Ген. штаба полк. Артамонова]. Вып.
210 ## - ПУБЛИКАЦИЯ, РАСПРОСТРАНЕНИЕ И ДР.
Место издания, распространения и т.д. Санкт-Петербург
Имя издателя, распространителя и т. д. Воен.-учен. ком. Глав. штаба
Дата издания, распространения и т.д. 1900-1905
215 ## - ФИЗИЧЕСКАЯ ХАРАКТЕРИСТИКА
Размеры 26
300 ## - ОБЩИЕ ПРИМЕЧАНИЯ
Текст примечания Подзаг.: вып. 13-18: 1899-1901гг.; вып. 19-21: 1899-1902 гг.
300 ## - ОБЩИЕ ПРИМЕЧАНИЯ
Текст примечания Ред. вып. 13-21: поручик Семенов
702 #1 - ИМЯ ЛИЦА - ВТОРИЧНАЯ ОТВЕТСТВЕННОСТЬ
Начальный элемент ввода Артамонов
Часть имени, кроме начального элемента ввода Л. К.
Даты 1859-1932
Расширение инициалов личного имени Леонид Константинович
Идентификатор авторитетной/нормативной записи RU\NLR\AUTH\770218435
Код отношения Редактор
702 #1 - ИМЯ ЛИЦА - ВТОРИЧНАЯ ОТВЕТСТВЕННОСТЬ
Начальный элемент ввода Семенов
Часть имени, кроме начального элемента ввода В. И.
Расширение инициалов личного имени Виктор Иванович
Код отношения Редактор
712 01 - НАИМЕНОВАНИЕ ОРГАНИЗАЦИИ - ВТОРИЧНАЯ ОТВЕТСТВЕННОСТЬ
Начальный элемент ввода Россия
Структурное подразделение Военно-ученый комитет
Идентификатор авторитетной/нормативной записи RU\NLR\AUTH\889937393
801 #0 - ИСТОЧНИК ЗАПИСИ
Страна Российская Федерация
Организация NLR
Дата составления 20061002
Правила каталогизации psbo
801 #0 - ИСТОЧНИК ЗАПИСИ
Страна Российская Федерация
Организация RuMoRGB
Дата составления 20061002
Источник данных psbo
801 #1 - ИСТОЧНИК ЗАПИСИ
Страна Российская Федерация
Организация ProSoft-M
Дата составления 20061002
Источник данных rusmarc
801 #2 - ИСТОЧНИК ЗАПИСИ
Страна Российская Федерация
Организация NLR
Дата составления 20090930
Источник данных rusmarc
852 ## - МЕСТОНАХОЖДЕНИЕ И ШИФР ХРАНЕНИЯ
Идентификатор организации NLR
Публикуемое примечание (1-15, 17-21)
942 ## - ДОПОЛНИТЕЛЬНЫЕ ЭЛЕМЕНТЫ ЗАПИСИ (АБИС)
Тип экземпляра АБИС Книга
980 ## - КОЛЛЕКЦИЯ
Название коллекции Национальная библиография

Нет доступных экземпляров.